Individuals' perceptions of the legitimacy of emerging market multinationals: ethical foundations and construct validation
| Authors: | ; ; ; |
|---|---|
| Format: | Electronic Article |
| Language: | English |
| Check availability: | HBZ Gateway |
| Interlibrary Loan: | Interlibrary Loan for the Fachinformationsdienste (Specialized Information Services in Germany) |
| Published: |
2022
|
| In: |
Journal of business ethics
Year: 2022, Volume: 176, Issue: 4, Pages: 801-825 |
| Further subjects: | B
The Netherlands
B New pragmatism B China B Aufsatz in Zeitschrift B Emerging market multinational enterprises B Individual perceptions of legitimacy |
| Online Access: |
Volltext (lizenzpflichtig) Volltext (lizenzpflichtig) |
MARC
| LEADER | 00000caa a2200000 c 4500 | ||
|---|---|---|---|
| 001 | 179808693X | ||
| 003 | DE-627 | ||
| 005 | 20230710122143.0 | ||
| 007 | cr uuu---uuuuu | ||
| 008 | 220407s2022 xx |||||o 00| ||eng c | ||
| 024 | 7 | |a 10.1007/s10551-020-04599-x |2 doi | |
| 035 | |a (DE-627)179808693X | ||
| 035 | |a (DE-599)KXP179808693X | ||
| 035 | |a (DE-He213)s10551-020-04599-x-e | ||
| 040 | |a DE-627 |b ger |c DE-627 |e rda | ||
| 041 | |a eng | ||
| 084 | |a 1 |2 ssgn | ||
| 100 | 1 | |e VerfasserIn |0 (DE-588)129806773 |0 (DE-627)47991026X |0 (DE-576)297845101 |4 aut |a Zhang, Jianhong | |
| 109 | |a Zhang, Jianhong |a Jianhong, Zhang |a Jianhong Zhang | ||
| 245 | 1 | 0 | |a Individuals' perceptions of the legitimacy of emerging market multinationals |b ethical foundations and construct validation |c Jianhong Zhang, David L. Deephouse, Désirée van Gorp, Haico Ebbers |
| 264 | 1 | |c 2022 | |
| 336 | |a Text |b txt |2 rdacontent | ||
| 337 | |a Computermedien |b c |2 rdamedia | ||
| 338 | |a Online-Ressource |b cr |2 rdacarrier | ||
| 601 | |a Individuation | ||
| 650 | 4 | |a China |7 (dpeaa)DE-206 | |
| 650 | 4 | |a Emerging market multinational enterprises |7 (dpeaa)DE-206 | |
| 650 | 4 | |a Individual perceptions of legitimacy |7 (dpeaa)DE-206 | |
| 650 | 4 | |a The Netherlands |7 (dpeaa)DE-206 | |
| 650 | 4 | |a New pragmatism |7 (dpeaa)DE-206 | |
| 655 | 4 | |0 (DE-206)49 |a Aufsatz in Zeitschrift |5 DE-206 | |
| 700 | 1 | |e VerfasserIn |0 (DE-588)17184565X |0 (DE-627)31645785X |0 (DE-576)132606666 |4 aut |a Deephouse, David L. | |
| 700 | 1 | |e VerfasserIn |0 (DE-588)1140059904 |0 (DE-627)898179556 |0 (DE-576)493622705 |4 aut |a Gorp, Désirée M. van | |
| 700 | 1 | |e VerfasserIn |0 (DE-588)171409191 |0 (DE-627)061607355 |0 (DE-576)132205602 |4 aut |a Ebbers, Haico |d 1961- | |
| 773 | 0 | 8 | |i Enthalten in |t Journal of business ethics |d Dordrecht : Springer, 1982 |g 176(2022), 4 vom: Apr., Seite 801-825 |h Online-Ressource |w (DE-627)270937129 |w (DE-600)1478688-6 |w (DE-576)121465284 |x 1573-0697 |7 nnas |
| 773 | 1 | 8 | |g volume:176 |g year:2022 |g number:4 |g month:04 |g pages:801-825 |
| 856 | 4 | 0 | |u https://link.springer.com/content/pdf/10.1007/s10551-020-04599-x.pdf |x Verlag |z lizenzpflichtig |7 1 |
| 856 | 4 | 0 | |u https://doi.org/10.1007/s10551-020-04599-x |x Resolving-System |z lizenzpflichtig |7 1 |
| 951 | |a AR | ||
| ELC | |a 1 | ||
| ITA | |a 1 |t 1 | ||
| LOK | |0 000 xxxxxcx a22 zn 4500 | ||
| LOK | |0 001 4452982271 | ||
| LOK | |0 003 DE-627 | ||
| LOK | |0 004 179808693X | ||
| LOK | |0 005 20240110121913 | ||
| LOK | |0 008 240110||||||||||||||||ger||||||| | ||
| LOK | |0 040 |a DE-Tue135 |c DE-627 |d DE-Tue135 | ||
| LOK | |0 092 |o n | ||
| LOK | |0 852 |a DE-Tue135 | ||
| LOK | |0 852 1 |9 00 | ||
| LOK | |0 935 |a ixzs | ||
| LOK | |0 939 |a 10-01-24 |b l01 | ||
| ORI | |a SA-MARC-ixtheoa001.raw | ||
| STA | 0 | 0 | |a China,China,China,China,Southwestern China,Southeastern China,Southern China,Western China |
| SYE | 0 | 0 | |a China,Festlandchina,Greater China,Mainland China,Volksrepublik China , Rotchina,Zhongguo,Zhongguo-Diguo,Kaiserreich Zhongguo,Zhongguo,Chung-kuo,Zhonghua-minguo,Chung-hua-min-kuo,China,Zhonghua-Renmin-Gongheguo,Kaiserreich China,China,PRC,Zhongguo,Shinkoku,Chung-hua-jen-min-kung-ho-kuo,Zhonghua,China,Volksrepublik China,Zhongguo,VR China,China,People's Republic of China,Zhong guo,PRC,Zhonghua renmin gongheguo,République populaire de Chine,Chung-kuo kuo min cheng fu,China,Chine,KNR,Zhongguo,Chinese People's Republic,Kytajsʹkaja Narodnaja Respublika,Chinese People’s Republic,Republic of China,Chung-hua min kuo,Chung-kuo |